000 00875cab a2200265 4500
001 WB3206-58
008 090401t1996 xxu||||| |||| 00| 0 eng d
035 _a(Sirsi) u21438
041 _aeng
245 _aMortgages and conflicts of interest
260 _c1996
350 _a0
490 _aEstates Gazette
_v(9605) 3 February 1996, 130(1)
520 _aExamines the Court of Appeal decision in "Mortgage Express Ltd v Bowerman and Partners" and the duty owed by a solicitor to his lender client. (See also ABS54079 and ABS54413)
650 _aDUTY OF CARE
650 _aDUTY TO INFORM
650 _aLIABILITY
650 _aMORTGAGE EXPRESS LTD V BOWERMAN AND PARTNERS
650 _aNEGLIGENCE
650 _aSOLICITORS
650 _aValuation
_96273
690 _aMANAGEMENT-BUSINESS MANAGEMENT-PROFESSIONAL PRACTICE
942 _n0
948 _c04/03/1997
999 _c14392
_d14392